The 1975 - Nothing Revealed / Everything Denied - Statistics

General Stats
  • This quiz has been taken 19 times
  • The average score is 177 of 294
Answer Stats
Answer % Correct
I
100%
a
91%
A
91%
not
91%
the
91%
you
91%
You
91%
there
82%
there?
82%
there)
82%
an
73%
anybody
73%
be
73%
car
73%
denied
73%
do
73%
everything
73%
feels
73%
in
73%
Is
73%
is
73%
it
73%
lie
73%
Life
73%
life
73%
like
73%
need
73%
never
73%
Never
73%
nothing
73%
out
73%
(Out
73%
revealed
73%
some
73%
something
73%
to
73%
true
73%
trying
73%
And
64%
and
64%
can't
64%
fuck
64%
fucked
64%
if
64%
it's
64%
lying
64%
missing
64%
there's
64%
was
64%
bed
55%
but
55%
don't
55%
down
55%
maybe
55%
on
55%
they
55%
They
55%
your
55%
Apathy
45%
find
45%
for
45%
get
45%
Get
45%
I'm
45%
just
45%
me
45%
my
45%
of
45%
see
45%
somewhere
45%
time
45%
what
45%
with
45%
You're
45%
about
36%
Because
36%
catch
36%
change
36%
doin'
36%
figure
36%
head
36%
issue
36%
kind
36%
livin'
36%
looking
36%
mind
36%
off
36%
poor
36%
should
36%
take
36%
talk
36%
that
36%
these
36%
things
36%
think
36%
up
36%
were
36%
agree
27%
all
27%
eat
27%
fans
27%
fibbin'
27%
floor
27%
forgettin'
27%
gettin'
27%
heart
27%
how
27%
live
27%
non-stop
27%
ones
27%
over
27%
plans
27%
pretend
27%
rich
27%
right
27%
setting
27%
sleep
27%
slippin'
27%
That's
27%
Trippin'
27%
upsetting
27%
walk
27%
Yes
27%
before
18%
denial
18%
expand
18%
ribbing
18%
yourself
18%
eh
9%
elicit
9%
Learn
0%
No matching quizzes found
Score Distribution
Percent of People with Each Score
Percentile by Number Answered
Your Score History
You have not taken this quiz